Statistics for Ten Weird Country Facts #8

Click here to take the quiz!

General Stats

  • This quiz has been taken 31 times
  • The average score is 3 of 10

Answer Stats

LawCountry% Correct
It is illegal to spank your child in what country?Sweden
67%
It is illegal to dance in public in what country?Japan
59%
It is illegal to shake a rug out your window in what country?United Kingdom
52%
It is illegal to grow a mullet in what country?Iran
44%
It is illegal to flush a toilet after 10 pm in what country?Switzerland
37%
It is illegal to celebrate Valentine's Day in what country?Pakistan
22%
It is illegal to shoot a water gun in what country?Cambodia
15%
It is illegal to fart in public in what country?Malawi
15%
It is illegal to give self-pleasure to yourself in what country?Indonesia
11%
It is illegal to wear camouflage in what country?Jamaica
11%

Score Distribution

Percentile by Number Answered

Percent of People with Each Score

Your Score History

You have not taken this quiz